000 00661nam a22002057a 4500
005 20150721144455.0
010 _aENG-113301
020 _c450.00
_a8173815186
020 _c450.00
_a9788173815188
035 _aEN-96833
037 _bDBAD/PUB
082 _a338.5
100 _aMukherjee, Sampat
245 _aAnalytical microeconomics :
_cby Sampat Mukherjee
_bexchange production and welfare Alfred Marshall to John Nash /
250 _a3rd ed
260 _aKolkata
_bNew Central Book Agency
_c2015
270 _a8/1, Chintamoni Das Lane,
_bKolkata
_e700009
300 _axiii,980,70p.
_c25cm(pbk)
942 _2ddc
_cEN
_mMUK
_h338.5
999 _c94365
_d94365